000 01114cam a2200217 4500
001 WB3946-02
008 031204n2003 000 0 eng u
035 _a(Sirsi) u124566
245 _aConstruction - more sustainable?
260 _c2003
490 _aBRE News Release
_v 3 December 2003 (2)
520 _aThe Sustainable Construction Task Group has published a report concluding that most construction industry firms are ignorant of the business benefits of sustainable practices. The report includes case studies, a list of reference material and links to relevant organisations for more information on sustainability. "The UK construction industry towards more sustainable construction 2000-2003" is available from the Sustainable Construction pafe of the BRE web site http://www.bre.co.uk/services/Sustainable_construction.html.
590 _aWB
650 _aSUSTAINABLE CONSTRUCTION
650 _aCONSTRUCTION INDUSTRY
650 _aBENEFITS
650 _aSUSTAINABLE CONSTRUCTION TASK GROUP
650 _aSustainability
_96271
690 _aBUILDING AND CONSTRUCTION-SUSTAINABLE
942 _n0
999 _c73926
_d73926